000 nam a22 7a 4500
999 _c329806
_d329806
003 NUST
005 20170614122354.0
008 170523b xxu||||| |||| 00| 0 eng d
040 _cNUST
041 _hurdu
082 _a891.4391
_bLUD
100 _aLudhyanvi, Sahir
_91309
245 _aKabhi kabhi
_cby Sahir Ludhyanvi
260 _aLahore ;
_bAl-Hamd Publication,
_c1991.
300 _a104 p.
500 _aPoetry
546 _aIn Urdu
650 _aUrdu Literature
_9347
880 _aکبھی کبھی
_6245-02\(3\r
_cساحر لدھیانوی
880 _aساحر لدھیانوی
_6100-01\(3\r
880 _aلاہور:
_6260-03\(3\r
_bالحمد پبلی کیشنز،
_c1991
942 _2ddc
_cBK